000 01226nab a22002777a 4500
999 _c6450
_d6450
003 OSt
005 20260204115523.0
008 190429b xxu||||| |||| 00| 0 spa d
040 _cPJ
100 _aSotile, Patricia
_96512
245 1 3 _a Abuso sexual coactivo en contexto de violencia económica /
_cPatricia Sotile.
260 _cCiudad Autónoma de Buenos Aires :
_aThomson Reuters La Ley,
_b2024.
300 _ap. 85-93
500 _aCita Online: AR/DOC/2947/2023.
505 _aSumario: I. Introducción. Hechos del caso.— II. Abuso sexual coactivo en contexto de violencia de género.— III. Violencia económica. Su regulación, alcance y comprensión.— V. Conclusión.
505 _tSi te interesa el texto completo, solicitalo a koha@justierradelfuego.gov.ar
650 0 _9343
_aDERECHO PENAL
650 0 _92348
_aPROCESO PENAL
650 0 _92903
_aABUSO SEXUAL
650 0 _93053
_aVIOLENCIA DE GÉNERO
650 0 _95360
_aVIOLENCIA ECONÓMICA
650 0 _94044
_aPERSPECTIVA DE GÉNERO
650 0 _95369
_aCÓNYUGE
773 0 _02658
_93164
_tRevista de derecho penal y criminología. Nº 2 - Marzo 2024
_dCiudad Autónoma de Buenos Aires : Thomson Reuters La Ley, 2017-
_x00347914
942 _2udc
_cANA